000 nam a22 7a 4500
999 _c8670
_d8670
008 180118b ||||| |||| 00| 0 eng d
100 _aNCERT
_95033
245 _aEnvironmental Education
260 _aNew Delhi
_bArya Publication
_c2009